EAEG : a framework for wider economic cooperation /
Saved in:
| Main Author: | |
|---|---|
| Format: | Thesis Book |
| Language: | English |
| Published: |
1991.
|
| Subjects: | |
| Tags: |
Add Tag
No Tags, Be the first to tag this record!
|
| LEADER | 01137cam a2200289 a 4500 | ||
|---|---|---|---|
| 001 | u397302 | ||
| 003 | SIRSI | ||
| 008 | 911205s1991 a av 00 1 eng m | ||
| 035 | |a ACA-3196 | ||
| 040 | |a UMM |d UME | ||
| 043 | |a a-my--- |a a-ja--- | ||
| 090 | |a HC460.5 |b Sya | ||
| 099 | |a 338.91-5 |b Sya | ||
| 100 | 0 | 0 | |a Syafiq Alfonse Abdullah. |
| 245 | 1 | 0 | |a EAEG : |b a framework for wider economic cooperation / |c Syafiq Alfonse Abdullah. |
| 260 | |c 1991. | ||
| 300 | |a iii, 63 leaves [append. unpaged] : |b ill. ; |c 29 cm. | ||
| 502 | |a Dissertation (M.A) -- Internal Relations and State Department of Politics and International Relations, Lancaster University, 1991. | ||
| 504 | |a Bibliography : 56-58 leaves. | ||
| 610 | 0 | |a East Asia Economic Grouping. | |
| 651 | 0 | |a Malaysia |x Foreign relations |z Japan | |
| 651 | 0 | |a Japan |x Foreign relations |z Malaysia | |
| 651 | 0 | |a East Asia |x Economic integration. | |
| 948 | |a 06/06/1996 |b 30/03/2004 | ||
| 596 | |a 1 9 | ||
| 999 | |a HC460.5 SYA [F] |w LC |c 1 |i A505729386 |d 3/8/1998 |l STACKS |m P01UTAMA |n 2 |r Y |s Y |t TESIS |u 28/12/1996 | ||
| 999 | |a TESIS 338.91-5 SYA |w LC |c 1 |i A506312529 |l DISCARD |m P09EKONOMI |r Y |s Y |t TESIS |u 9/12/1997 | ||
